Komparácia výrokov, názorov a predstáv o startupoch

Prepojením preštudovaných názorov a výrokov o tom čo je a čo nie je startup, autorka dospela k záveru, že pre startup sa nedá určiť jednotná a nemenná definícia. Startup môžeme charakterizovať ako podnik, ktorý sa nachádza v počiatočných fázach vývoja. Nie je ani tak dôležité určiť v ktorej presne f...

Full description

Saved in:
Bibliographic Details
Main Author: Matušková, Ráchel, 1990-
Format: Book Chapter
Language:Slovak
Subjects:
Tags: Add Tag
No Tags, Be the first to tag this record!

MARC

LEADER 00000nla a2200000 4500
001 0195539
005 20240502073259.9
041 0 |a slo 
044 |a SK 
245 1 0 |a Komparácia výrokov, názorov a predstáv o startupoch  |c Ráchel Matušková 
520 |a Prepojením preštudovaných názorov a výrokov o tom čo je a čo nie je startup, autorka dospela k záveru, že pre startup sa nedá určiť jednotná a nemenná definícia. Startup môžeme charakterizovať ako podnik, ktorý sa nachádza v počiatočných fázach vývoja. Nie je ani tak dôležité určiť v ktorej presne fáze sa nachádza, skôr je dôležité, že to ešte nie je zrelý podnik. Tiež musí prinášať určitú inováciu, či už nové, inovatívne riešenie existujúceho problému alebo otvára absolútne novú oblasť a odvetvie. Startup nemá zatiaľ presne definovaný podnikateľský model, stále sa nachádza vo fáze hľadania odpovedí vyplývajúcich z podnikateľského modelu. 
610 2 0 |a start-up 
610 2 0 |a pojmy 
610 2 0 |a definície 
100 1 |a Matušková, Ráchel, 1990-